000 01512nam0a2200385 4500
001 RU\NLR\bibl\562160
005 20260408205652.0
010 _a5-17-014294-3
_bАСТ
010 _a966-596-808-4
_bСталкер
_95000
021 _aRU
_b2004-19994
_91017
035 _aRSL-KNO-002420315
035 _a(NLR Aleph) 000554271
090 _a1491987
_c1491987
100 _a20040409d2004 |||y0rusy50 ca
101 0 _arus
102 _aRU
_aUA
105 _aa |||||||||
106 _ar
200 1 _aСправочник бильярдиста
_e[Секреты техники игры]
_fГ.Я. Мисуна
210 _aМ.
_cАСТ
_aДонецк
_cСталкер
_d2004
_eТвер. полигр. комб. дет. лит.
215 _a247,[6] с.
_cил.
_d15
300 _aНа обл. авт. не указан
606 _aБильярд
_xТехника
_jСправочники
_3RU\NLR\AUTH\6601547520
_92179745
610 0 _aКультура. Наука. Просвещение -- Физическая культура и спорт -- Народные игры -- Справочник
686 _aЧ515.55бильярд.я2
_2rubbk
686 1 _aЧ515.911я2
686 1 _aЧ711.259(бильярд)я2
700 1 _aМисуна
_bГ. Я.
_gГеоргий Яковлевич
_4070
801 0 _aRU
_bRuMoRKP
_c20040409
_gPSBO
801 1 _aRU
_bRuMoRGB
_c20040409
801 2 _aRU
_bNLR
_c20041013
_gPSBO
942 _cBOOK
980 _aNB